000 00230nmm a2200085Ia 4500
008 220120s9999||||xx |||||||||||||||||und||
100 _aDigit
245 0 _aDemo- Battle field 2-3D mark 2005, IM giant Instant messenge
260 _c2005
999 _c138803
_d138803